| 000 | 00523nam a2200193 a 4500 | ||
|---|---|---|---|
| 005 | 20210223125143.0 | ||
| 008 | 031003s1971 mx r 000 0 spa d | ||
| 035 | _aUPN01000129562 | ||
| 049 | _aCG | ||
| 050 | 4 |
_aTT202 _bW5.68 |
|
| 100 | 1 |
_aWilheim, Friedrich, _d1927- |
|
| 245 | 1 | 0 |
_aPara tornear madera / _cF. Wilhelm ; tr. Juan Jorge Thomas. |
| 260 |
_aBuenos Aires : _bKapelusz, _c1971. |
||
| 300 |
_a87 p. : _bil. |
||
| 440 | 0 | _aCómo hacer | |
| 650 | 4 | _aTORNERIA | |
| 650 | 4 |
_aCARPINTERIA _97192 |
|
| 905 | _aLibro | ||
| 999 |
_c101734 _d101734 |
||